| 000 | 00497nam a2200169Ia 4500 | ||
|---|---|---|---|
| 008 | 230917s9999||||xx |||||||||||||| ||und|| | ||
| 020 | _cRS299 | ||
| 040 |
_e248775 _aMAIN |
||
| 041 | _aEnglish | ||
| 082 | _a823.08 K628L | ||
| 100 | _aKipling, Rudyard | ||
| 245 | 0 | _aLessons for Mrs Hauksbee: Tales of passion, intrigue and scandal | |
| 260 |
_aNew Delhi _bSpeaking Tiger Publishing _c2017 |
||
| 300 | _avi, 225 p. | ||
| 500 | _a3188 20/07/2018 HBD18/7464 23/07/2018 Main Budget | ||
| 942 | _cBK | ||
| 999 |
_c27375 _d27375 |
||